|
|
|
|
| LEADER |
01548nam a2200289 a 4500 |
| 001 |
18142 |
| 003 |
BD-DhAAL |
| 008 |
090826s2009 maua b 001 0 eng d |
| 010 |
|
|
|a \\2006049619
|
| 020 |
|
|
|a 0321387007
|
| 020 |
|
|
|a 9780321387004
|
| 040 |
|
|
|a BD-DhAAL
|c BD-DhAAL
|
| 082 |
0 |
0 |
|a 510.9
|2 22
|
| 100 |
1 |
|
|a Katz, Victor J.
|9 57591
|
| 245 |
1 |
2 |
|a A history of mathematics :
|b an introduction /
|c Victor J. Katz.
|
| 250 |
|
|
|a Third edition.
|
| 260 |
|
|
|a Boston :
|b Addison-Wesley,
|c c2009.
|
| 300 |
|
|
|a xvi, 976 p. :
|b ill. ;
|c 24 cm.
|
| 504 |
|
|
|a Includes bibliographical references and index.
|
| 526 |
|
|
|a MNS
|x Fardousi Ara Begum
Faculty Member of BRAC University
Course Name :History of Mathematics (MAT 315)
|
| 541 |
1 |
|
|a D. S. Books International
|e 18142, 18143
|
| 650 |
|
0 |
|a Mathematics
|x History.
|9 57484
|
| 852 |
4 |
|
|a Ayesha Abed Library
|c General Stacks
|
| 942 |
|
|
|2 ddc
|c BK
|
| 999 |
|
|
|c 3547
|d 3547
|
| 952 |
|
|
|0 0
|1 0
|2 ddc
|4 0
|6 510_900000000000000_KAT_2009
|7 0
|9 3220
|a BRACUL
|b BRACUL
|c GEN
|d 2009-09-02
|e D. S. Books International
|g 15128.00
|l 10
|m 204
|o 510.9 KAT
|p 3010018143
|q 2022-08-29
|r 2020-01-16
|s 2020-01-16
|t 2
|v 30256.00
|w 2009-09-02
|y BK
|x Requisitioned by Fardousi Ara Begum for the course named- "History of Mathematics (MAT 315)" ; USD 124.00
|
| 952 |
|
|
|0 0
|1 0
|2 ddc
|4 0
|6 510_900000000000000_KAT_2009
|7 0
|9 8428
|a BRACUL
|b BRACUL
|c GEN
|d 2010-03-03
|e D. S. Books International
|l 7
|m 47
|o 510.9 KAT
|p 3010018142
|r 2025-08-31
|s 2025-08-31
|t 1
|w 2010-03-03
|y BK
|x Requisitioned by Fardousi Ara Begum for the course named- "History of Mathematics (MAT 315)" ; USD 124.00
|